[Event "BRA-ch sf"]
[Site "Vitoria"]
[Date "2003.09.06"]
[Round "4"]
[White "Oliveira, Paulo FC"]
[Black "Viana, Alexsandro Sampaio"]
[Result "1-0"]
[WhiteElo "1800"]
[BlackElo "1825"]
[PlyCount "107"]
[EventDate "2003.09.??"]
[EventType "swiss"]
[EventRounds "7"]
[EventCountry "BRA"]
[SourceTitle "EXT 2006"]
[Source "ChessBase"]
[SourceDate "2005.11.24"]
[SourceVersion "1"]
[SourceVersionDate "2005.11.24"]
[SourceQuality "1"]

1. e4 c5 2. Nf3 d6 3. c3 Nf6 4. h3 e6 5. Be2 Be7 6. 0-0 0-0 7. Qc2 Qc7 8. d3 b6 9. Bf4 Bb7 10. Nbd2 Nbd7 11. Rac1 Rfc8 12. a3 a6 13. Nc4 e5 14. Bd2 b5 15. Ne3 a5 16. Nf5 Bf8 17. Nh2 Re8 18. Ng4 Nxg4 19. Bxg4 Nb6 20. f4 Rad8 21. Ne3 d5 22. fxe5 dxe4 23. d4 cxd4 24. cxd4 Qxc2 25. Rxc2 Rxd4 26. Bxa5 Nc4 27. Nxc4 Rxc4 28. Rxc4 bxc4 29. Bc3 Bc5+ 30. Kh2 Ba7 31. Rd1 Bb8 32. g3 g6 33. Be2 Bxe5 34. Bxc4 Bc6 35. Bd5 Bxd5 36. Rxd5 Bxc3 37. bxc3 e3 38. Rd1 Rc8 39. Rc1 Rd8 40. Kg2 Rd2+ 41. Kf3 e2 42. Re1 Rd3+ 43. Kxe2 Rxc3 44. Ra1 Rxg3 45. a4 Rxh3 46. a5 Rb3 47. a6 Rb8 48. a7 Ra8 49. Kf3 Kf8 50. Kf4 Ke7 51. Kg5 h5 52. Ra6 Kd7 53. Kf6 h4 54. Ra3 1-0